| 000 | 00542nam a2200169 i 4500 | ||
|---|---|---|---|
| 001 | 34688 | ||
| 003 | ES-MaACL | ||
| 005 | 20230906154959.0 | ||
| 007 | t| | ||
| 008 | 030207s1909 fr ||||1| fre d | ||
| 100 | 1 |
_aBoissier, Gaston. _929869 |
|
| 245 | 1 | 2 |
_aL'Academie français sous l'ancien régime / _cGaston Boissier ; [avant-propos par Edmons Courband]. |
| 260 |
_aParís : _b[s.n., _c1909] ( _eCoulommiers : _fImp. Paul Brodard) |
||
| 300 |
_aIX, 267 p. ; _c19 cm. |
||
| 700 | 1 |
_aCourband, Edmond. _941259 |
|
| 852 |
_aES-MaACL _jF-11245 |
||
| 999 |
_c34688 _d34688 |
||